| 000 | 00419 a2200133 4500 | ||
|---|---|---|---|
| 001 | 87621 | ||
| 082 | _aPR 03 | ||
| 090 |
_c41074 _d41074 |
||
| 100 | _aFaryal Aurooj, Plt Off 15211 69 (B) EC | ||
| 245 | _aPreparation of lab manuals and demostration of labs of AV-231 and AV-332 Courses | ||
| 260 |
_aRislapur _bCAE PAF Academy Risalpur _c2010 |
||
| 300 |
_ax, 192p. _eMudassir Iqbal Wq Cdr |
||
| 500 | _aBE Project Reports | ||
| 942 |
_aCAE NUST _kPR 03 |
||
| 999 |
_c322694 _d322694 |
||